Bilecik Bilecik Bilecik Bilecik Bilecik

Yunus Emre'ye şiirler/ (Record no. 33292)

MARC details
000 -BAŞLIK
Sabit Uzunluktaki Kontrol Alanı 01159nam a22003617a 4500
001 - KONTROL NUMARASI
Control Dosyası 0033214
003 - KONTROL NUMARASI KİMLİĞİ
Kontrol Alanı KOHA_MİRAKIL
005 - EN SON İŞLEM TARİHİ ve ZAMANI
Kontrol Alanı 20260207002848.0
007 - FİZİKSEL TANIM SABİT ALAN - GENEL BİLGİ
Sabit uzunluklu kontrol alanı ta
008 - SABİT UZUNLUKTAKİ VERİ ÖGELERİ - GENEL BİLGİ
Sabit Alan 111020b1997 tu |||gr||||#0|||1|tur |
020 ## - ISBN - ULUSLARARASI STANDART KİTAP NUMARASI
Isbn 9751116384
040 ## - KATALOGLAMA KAYNAĞI
Özgün Kataloglama Kurumu TR-BiSEU
Kataloglama Dili tur
Çeviri Kurumu TR-BiSEU
Açıklama Kuralları rda
041 0# - DİL KODU
Metin ya da ses kaydının dil kodu tur
044 ## - YAYINLAYAN/ÜRETEN KURULUŞUN ÜLKE KODU
ISO country code tu
050 ## - SINIFLAMA ve YER NUMARASI
Sınıflama Numarası PL234.G46
Yer Numarası Y86 1997
100 1# - KİŞİ ADI
Yazar Adı (Kişi adı) Genç, Vedat.
245 1# - ESER ADI BİLDİRİMİ
Başlık Yunus Emre'ye şiirler/
Sorumluluk Bildirimi Vedat Genç ; Vedat Genç.
264 #1 - ÜRERİM, YAYIN, DAĞITIM ve TELİF BİLDİRİMİ
Yayın yeri Ankara :
Yayınlayan Milli Eğitim Bakanlığı
Yayın tarihi 1997
300 ## - FİZİKSEL TANIMLAMA
Sayfa, Cilt vb. xiv, 302 s. ;
Boyutları 20 cm.
336 ## - İÇERİK TÜRÜ
Content type term metin
Content type code txt
Source rdacontent
337 ## - MEDYA TÜRÜ
Media type term aracısız
Media type code n
Source rdamedia
338 ## - TAŞIYICI TÜRÜ
Carrier type term cilt
Carrier type code nc
Source rdacarrier
490 1# - DİZİ BİLDİRİMİ
Dizi Bildirimi Milli Eğitim Bakanlığı yayınları ;
Cilt Numarası 3096.
490 1# - DİZİ BİLDİRİMİ
Dizi Bildirimi Bilim ve kültür eserleri dizisi ;
Cilt Numarası 958.
490 1# - DİZİ BİLDİRİMİ
Dizi Bildirimi Türk edebiyatı dizisi ;
Cilt Numarası 52
650 #0 - KONU BAŞLIĞI EK GİRİŞ - KONU TERİMİ
Konusal terim veya coğrafi ad Yunus Emre, d. 1320?
9 (RLIN) 42438
650 #0 - KONU BAŞLIĞI EK GİRİŞ - KONU TERİMİ
Konusal terim veya coğrafi ad Sufi Poetry, Turkish.
9 (RLIN) 64642
830 1# - SERİ EK GİRİŞİ - TEKBİÇİM ESER ADI
Tekbiçim Başlık Milli Eğitim Bakanlığı yayınları ;
Volume number/sequential designation 3096.
9 (RLIN) 7828
830 1# - SERİ EK GİRİŞİ - TEKBİÇİM ESER ADI
Tekbiçim Başlık Bilim ve kültür eserleri dizisi ;
Volume number/sequential designation 958.
9 (RLIN) 31400
830 1# - SERİ EK GİRİŞİ - TEKBİÇİM ESER ADI
Tekbiçim Başlık Türk edebiyatı dizisi ;
Volume number/sequential designation 52
9 (RLIN) 38613
907 ## - LOCAL DATA ELEMENT G, LDG (RLIN)
a Şiir
942 ## - EK GİRİŞ ÖGELERİ (KOHA)
Source of classification or shelving scheme Library of Congress Classification
Koha item type Book
Holdings
Materyal Türü Kalıcı Konum Mevcut Konum Raf Yeri Sınıflandırma Kaynağı Edinim Bilgisi Ana Konular Alt Konular Yer Numarası Demirbaş Numarası Fatura Tarihi Geri Çekilme Durumu Kayıp Durumu Hasarlı Durumu Kredi için değil Kayıt Tarih Toplam Ödünçverme Son Görülme Tarihi Son Kontrol Tarihi Genel / Bağış Notu
Book Prof. Dr. Azmi Özcan Kütüphanesi Prof. Dr. Azmi Özcan Kütüphanesi Birûni Salonu Library of Congress Classification Bağış DİL VE EDEBİYAT Doğu Asya, Afrika, Okyanusya Dilleri ve Edebiyatları PL234.G46 Y86 1997 0033214 02/02/2026         20/10/2011 1 05/12/2024 05/12/2024 Ali Esat Dalka